000 00455nam a22001695a 4500
001 1664285
003 OSt
005 20210802121629.0
008 201015s g 000 0dspa d
020 _a9789584288585
040 _aCO-MqBPB
_bspa
_cCO-MqBPB
082 _aAN FRAs
245 1 0 _aLa sombra de mi padre /
_cMartín Franco Velez.
260 _bEditorial Planeta Colombiana S.A,
_c2020.
_aBogotá,
300 _a135 p.
_c23 cm
942 _2ddc
_cBK
999 _c13679
_d13679